[Event "Iberoamerican-ch 7th"]
[Site "Linares"]
[Date "2019.08.14"]
[Round "5"]
[White "Fernandez Ayuso, Sergio Javier"]
[Black "Garcia Morales, Ivette Alejandra"]
[Result "1/2-1/2"]
[WhiteElo "2153"]
[BlackElo "1988"]
[PlyCount "227"]
[EventDate "2019.08.10"]
[EventType "swiss"]
[EventRounds "9"]
[EventCountry "ESP"]
[SourceTitle "CBM 191 Extra"]
[Source "ChessBase"]
[SourceDate "2019.09.30"]
[SourceVersion "1"]
[SourceVersionDate "2019.09.30"]
[SourceQuality "1"]

1. d4 e6 2. Nf3 Nf6 3. Bg5 b6 4. Nbd2 Bb7 5. e3 Be7 6. Be2 d6 7. 0-0 Nbd7 8. c3 h6 9. Bh4 0-0 10. Qc2 Re8 11. Rfd1 Nh5 12. Bxe7 Qxe7 13. Ne1 Nhf6 14. Bf3 Bxf3 15. Nexf3 e5 16. dxe5 Nxe5 17. h3 Nxf3+ 18. Nxf3 Qe4 19. Qb3 Qe6 20. Nd4 Qe4 21. Nf3 Qb7 22. a4 a5 23. Rac1 Re4 24. Rd4 Rae8 25. Rcd1 Qc6 26. Kf1 Kf8 27. Qc2 R8e6 28. Rc1 Nd7 29. b3 Re8 30. Nd2 R4e6 31. Qf5 Rf6 32. Qd3 Nc5 33. Qe2 Rfe6 34. Qc4 Qb7 35. Rf4 d5 36. Qe2 Re5 37. Rb1 Ne6 38. Rh4 Ng5 39. Nf3 Nxf3 40. Qxf3 Qa6+ 41. Qe2 Qxe2+ 42. Kxe2 Re4 43. Rxe4 dxe4 44. Rd1 Ke7 45. Rd4 Kf6 46. Kd2 c5 47. Rd7 Ke6 48. Rb7 Rd8+ 49. Kc2 Rd6 50. f3 exf3 51. gxf3 g5 52. Rb8 f5 53. Rf8 Ke5 54. Rf7 Ke6 55. Rh7 Ke5 56. Rh8 Kd5 57. Kd3 c4+ 58. Kc2 cxb3+ 59. Kxb3 Rc6 60. c4+ Ke5 61. Kc3 Rd6 62. Rh7 Rc6 63. Rh8 Rd6 64. Kc2 Rc6 65. Kd3 Rd6+ 66. Kc3 Rc6 67. Rd8 Rd6 68. Rh8 Rc6 69. Rh7 Rd6 70. Rc7 Rd1 71. Rc6 Rd6 72. f4+ Ke6 73. Rc7 Kf6 74. c5 bxc5 75. Rxc5 Re6 76. fxg5+ hxg5 77. Kd3 Re5 78. Rc6+ Re6 79. Rc4 Rd6+ 80. Ke2 Ke5 81. Kf3 Rd5 82. Rc6 Rd1 83. Ra6 Rd5 84. Rg6 Rd3 85. Ra6 Rd5 86. Ke2 Ke4 87. Re6+ Re5 88. Ra6 f4 89. exf4 gxf4 90. Kf2 Rc5 91. Re6+ Kf5 92. Rb6 Rc2+ 93. Kf3 Rc3+ 94. Kg2 Rg3+ 95. Kh2 Re3 96. Rb5+ Ke4 97. Rxa5 Re2+ 98. Kg1 Kf3 99. h4 Rg2+ 100. Kh1 Rg4 101. Rb5 Rxh4+ 102. Kg1 Rg4+ 103. Kf1 Kg3 104. a5 f3 105. Rb6 Ra4 106. Rg6+ Kf4 107. a6 Ke3 108. Re6+ Kf4 109. Kf2 Ra2+ 110. Kf1 Kg3 111. Rg6+ Kf4 112. Rf6+ Ke3 113. Re6+ Kf4 114. Rf6+ 1/2-1/2

[Event "Mislata op 50th"]
[Site "Mislata"]
[Date "2016.08.14"]
[Round "9"]
[White "Fernandez Ayuso, Sergio Javier"]
[Black "Perez Manas, Benjamin"]
[Result "0-1"]
[WhiteElo "2159"]
[BlackElo "2294"]
[PlyCount "100"]
[EventDate "2016.08.08"]
[EventType "swiss"]
[EventRounds "9"]
[EventCountry "ESP"]
[SourceTitle "CBM 173 Extra"]
[Source "ChessBase"]
[SourceDate "2016.08.29"]
[SourceVersion "1"]
[SourceVersionDate "2016.08.29"]
[SourceQuality "1"]

1. d4 f5 2. Nc3 d5 3. Bg5 g6 4. e3 Bg7 5. Qf3 c6 6. h4 Nd7 7. Qg3 Ngf6 8. Be2 Qa5 9. 0-0-0 Ne4 10. Nxe4 dxe4 11. Kb1 Nf8 12. h5 Be6 13. c4 h6 14. Bf4 g5 15. Bc7 b6 16. d5 cxd5 17. Be5 f4 18. exf4 Bxe5 19. fxe5 dxc4 20. Bg4 Bxg4 21. Qxg4 Qxe5 22. Ne2 Ne6 23. Nc3 Nc5 24. Rd5 Qe6 25. Qxe6 Nxe6 26. Re5 Nc5 27. Nd5 Kd7 28. Rd1 Kd6 29. Rf5 Nd3 30. Nc3 Ke6 31. g4 Rhf8 32. Rxf8 Rxf8 33. Nxe4 Rf4 34. f3 Rxf3 35. b3 cxb3 36. axb3 Ne5 37. Re1 Rxb3+ 38. Kc2 Rb2+ 39. Kc3 Rg2 40. Nd2 Kd5 41. Nf1 Nxg4 42. Rxe7 a5 43. Rb7 Kc6 44. Re7 b5 45. Re4 Kc5 46. Nd2 b4+ 47. Kc2 Kd5 48. Re8 Ne5 49. Kb3 Nc6 50. Rh8 Rxd2 0-1

[Event "Mislata op 50th"]
[Site "Mislata"]
[Date "2016.08.13"]
[Round "8"]
[White "Balada Moreno, Jose Luis"]
[Black "Fernandez Ayuso, Sergio Javier"]
[Result "0-1"]
[WhiteElo "2029"]
[BlackElo "2159"]
[PlyCount "102"]
[EventDate "2016.08.08"]
[EventType "swiss"]
[EventRounds "9"]
[EventCountry "ESP"]
[SourceTitle "EXT 2017"]
[Source "ChessBase"]
[SourceDate "2016.10.25"]
[SourceVersion "1"]
[SourceVersionDate "2016.10.25"]
[SourceQuality "1"]

1. e4 e5 2. Nc3 Nf6 3. Nf3 Nc6 4. Bc4 Be7 5. d3 d6 6. h3 Na5 7. 0-0 0-0 8. Qe2 Nxc4 9. dxc4 b6 10. Bg5 Qe8 11. Nd5 Nxd5 12. cxd5 f5 13. Bxe7 Qxe7 14. c4 a5 15. Rac1 Rf6 16. Rc3 Rg6 17. exf5 Bxf5 18. Nd4 Bd7 19. Nb5 c6 20. Na3 Qh4 21. Kh1 Rf8 22. Nc2 Bg4 23. Qe3 Bf3 24. Qxf3 Rxf3 25. Rxf3 cxd5 26. cxd5 Rf6 27. Rxf6 Qxf6 28. Ne3 Qf4 29. Kg1 Qb4 30. Rc1 Qxb2 31. Rc6 e4 32. g3 Qxa2 33. Rxd6 Qb1+ 34. Kg2 a4 35. Re6 Qb3 36. g4 g6 37. g5 a3 38. Re7 Qd3 39. Ra7 b5 40. Ng4 b4 41. Ra8+ Kg7 42. Nf6 Qf3+ 43. Kg1 e3 44. Ra7+ Kf8 45. Nxh7+ Ke8 46. Nf6+ Kd8 47. Ra8+ Kc7 48. fxe3 Qxe3+ 49. Kh2 Kb7 50. Rf8 Qf2+ 51. Kh1 a2 0-1

[Event "Mislata op 50th"]
[Site "Mislata"]
[Date "2016.08.11"]
[Round "5"]
[White "Quispe Arteaga, Gabriel"]
[Black "Fernandez Ayuso, Sergio Javier"]
[Result "1-0"]
[WhiteElo "2218"]
[BlackElo "2159"]
[PlyCount "195"]
[EventDate "2016.08.08"]
[EventType "swiss"]
[EventRounds "9"]
[EventCountry "ESP"]
[SourceTitle "CBM 173 Extra"]
[Source "ChessBase"]
[SourceDate "2016.08.29"]
[SourceVersion "1"]
[SourceVersionDate "2016.08.29"]
[SourceQuality "1"]

1. Nf3 d5 2. c4 c6 3. e3 Nf6 4. d4 e6 5. Nbd2 Nbd7 6. b3 Be7 7. Bd3 0-0 8. 0-0 Re8 9. Bb2 Bd6 10. Ne5 Bf8 11. Qc2 g6 12. e4 Nxe5 13. dxe5 Nd7 14. Rac1 d4 15. Bxd4 Nc5 16. Bxc5 Bxc5 17. Rcd1 Qc7 18. Qb2 Rd8 19. Nf3 Qe7 20. Bb1 Bd7 21. g3 Be8 22. Qe2 Rxd1 23. Rxd1 Rd8 24. Rxd8 Qxd8 25. Qd2 Qxd2 26. Nxd2 Bd4 27. Nf3 Bc3 28. Kf1 Kf8 29. Ke2 c5 30. Kd3 Ba1 31. Ng5 h6 32. Nh7+ Ke7 33. f4 Bd4 34. Nf6 Bg1 35. Ke2 h5 36. h3 Bc6 37. Kf3 Bd4 38. g4 hxg4+ 39. Nxg4 Bc3 40. Ne3 Kf8 41. Ng4 Kg7 42. Bd3 Be1 43. Bc2 Bh4 44. Ne3 Kh6 45. Ng2 Bd8 46. Ne1 Kh5 47. Ng2 Bc7 48. Ke3 g5 49. Bd1+ Kg6 50. Ne1 gxf4+ 51. Kxf4 f6 52. Nf3 fxe5+ 53. Ke3 Kf6 54. Nh2 Be8 55. Bg4 Bf7 56. Nf3 Ba5 57. Kd3 Bb4 58. h4 Ba3 59. Kc2 Bg6 60. Ng5 Bb4 61. Kd3 Be1 62. Nxe6 b6 63. Nf8 Be8 64. h5 Kg5 65. Be2 Bxh5 66. Bxh5 Kxh5 67. Nd7 Bg3 68. Nb8 Kg5 69. Nc6 a5 70. Nb8 Kf6 71. Nd7+ Ke6 72. Nxb6 Kd6 73. Ke3 Be1 74. Kf3 Ke6 75. Kg4 Bd2 76. Kh5 Be3 77. Kg6 Bd2 78. Nd5 Bc1 79. Nf6 Be3 80. Nh5 Bf2 81. Ng7+ Kd6 82. Kf5 Be3 83. Ne6 Bd4 84. Kf6 Kc6 85. a4 Kd6 86. Ng5 Bc3 87. Nf7+ Kd7 88. Kf5 Ke7 89. Nxe5 Bd4 90. Nc6+ Kd7 91. Nxd4 cxd4 92. Kf4 Kc6 93. Kf3 Kc5 94. Ke2 Kb4 95. Kd3 Kxb3 96. e5 Kxa4 97. e6 Kb3 98. e7 1-0

[Event "Lorca op 4th"]
[Site "Lorca"]
[Date "2015.12.27"]
[Round "2"]
[White "Djuric, Stefan"]
[Black "Fernandez Ayuso, Sergio Javier"]
[Result "0-1"]
[WhiteElo "2393"]
[BlackElo "2093"]
[PlyCount "139"]
[EventDate "2015.12.26"]
[EventType "swiss"]
[EventRounds "9"]
[EventCountry "ESP"]
[SourceTitle "CBM 170 Extra"]
[Source "ChessBase"]
[SourceDate "2016.02.25"]
[SourceVersion "1"]
[SourceVersionDate "2016.02.25"]
[SourceQuality "1"]

1. e4 e5 2. Nf3 Nc6 3. Bb5 a6 4. Ba4 d6 5. c4 Bd7 6. d4 g6 7. Bg5 f6 8. Be3 Bg7 9. Nc3 exd4 10. Nxd4 Nge7 11. 0-0 0-0 12. c5 Nxd4 13. Bxd4 Bxa4 14. Qxa4 dxc5 15. Bxc5 Rf7 16. Rad1 Qe8 17. Qb3 b6 18. Bxe7 Qxe7 19. Nd5 Qe6 20. Rc1 Ra7 21. Rfd1 Bf8 22. g3 Kg7 23. Nxc7 Qxb3 24. Ne8+ Kh6 25. axb3 Bc5 26. Kg2 Rf8 27. Nd6 Re7 28. Rc4 a5 29. Rd5 Ra8 30. h4 Kg7 31. Nb5 Rae8 32. Nc3 Re5 33. Rd7+ R8e7 34. Rxe7+ Rxe7 35. Nd5 Rd7 36. f4 f5 37. Kf3 h5 38. Rc1 Kf7 39. Rd1 fxe4+ 40. Kxe4 Rd8 41. Rd3 Re8+ 42. Kf3 Re1 43. Nc3 Ke6 44. Ne4 Be7 45. Ng5+ Bxg5 46. hxg5 Rb1 47. Re3+ Kd6 48. Re2 Rg1 49. Rg2 Re1 50. Rd2+ Kc5 51. Rc2+ Kd5 52. Re2 Rf1+ 53. Kg2 Rc1 54. Kf3 Rf1+ 55. Rf2 Rd1 56. Ke3 Rg1 57. Rd2+ Kc5 58. Kf2 Rc1 59. Kf3 Rf1+ 60. Ke4 Re1+ 61. Kf3 Rf1+ 62. Rf2 Rd1 63. f5 gxf5 64. Kf4 Rd4+ 65. Kxf5 Rg4 66. Rc2+ Kd6 67. Rc3 Ke7 68. g6 b5 69. Re3+ Kf8 70. Kf6 0-1

[Event "Quart de Poblet op 3rd"]
[Site "Quart de Poblet"]
[Date "2015.07.26"]
[Round "6.5"]
[White "Fernandez Ayuso, Sergio Javier"]
[Black "Baeza Garcia, Agustin"]
[Result "1-0"]
[WhiteElo "2092"]
[BlackElo "1988"]
[PlyCount "51"]
[EventDate "2015.07.18"]
[EventType "swiss"]
[EventRounds "7"]
[EventCountry "ESP"]
[SourceTitle "EXT 2024"]
[Source "ChessBase"]
[SourceDate "2023.10.10"]
[SourceVersion "1"]
[SourceVersionDate "2023.10.10"]
[SourceQuality "1"]

1. d4 d5 2. c4 c6 3. Nc3 Nf6 4. Nf3 a6 5. e3 b5 6. b3 Bg4 7. Be2 Nbd7 8. 0-0 e6 9. Nd2 Bxe2 10. Qxe2 Qc7 11. e4 b4 12. Na4 dxe4 13. Nxe4 Nxe4 14. Qxe4 Nf6 15. Qf3 Be7 16. Bf4 Bd6 17. Be5 Bxe5 18. dxe5 Nd7 19. Rfe1 Nxe5 20. Qg3 f6 21. f4 Ng6 22. Rxe6+ Kf7 23. Rae1 Rhe8 24. Qe3 Qd7 25. f5 Nf8 26. Nb6 1-0

[Event "Quart de Poblet op 3rd"]
[Site "Quart de Poblet"]
[Date "2015.07.26"]
[Round "7.2"]
[White "Torres Sanchez, Jose"]
[Black "Fernandez Ayuso, Sergio Javier"]
[Result "1-0"]
[WhiteElo "2286"]
[BlackElo "2092"]
[PlyCount "105"]
[EventDate "2015.07.18"]
[EventType "swiss"]
[EventRounds "7"]
[EventCountry "ESP"]
[SourceTitle "EXT 2024"]
[Source "ChessBase"]
[SourceDate "2023.10.10"]
[SourceVersion "1"]
[SourceVersionDate "2023.10.10"]
[SourceQuality "1"]

1. e4 e5 2. Nf3 Nc6 3. Nc3 Nf6 4. g3 Bb4 5. Bg2 Bxc3 6. bxc3 Nxe4 7. Nxe5 Nxe5 8. Bxe4 0-0 9. 0-0 d5 10. Bg2 c6 11. h3 Qf6 12. d3 Ng6 13. Qe1 Bd7 14. Be3 Rfe8 15. Qd2 Nf8 16. Rfb1 b6 17. a4 Ne6 18. a5 d4 19. cxd4 Nxd4 20. Bxd4 Qxd4 21. c3 Qc5 22. d4 Qh5 23. g4 Qh4 24. axb6 axb6 25. Rxa8 Rxa8 26. Rxb6 h5 27. Qf4 hxg4 28. Rb8+ Rxb8 29. Qxb8+ Kh7 30. Qf4 Qh5 31. Be4+ f5 32. hxg4 Qf7 33. gxf5 Kg8 34. Kg2 Qe7 35. Kg3 Qf6 36. Kf3 Be8 37. Ke3 c5 38. Bd5+ Kf8 39. Be6 cxd4+ 40. Qxd4 Qh6+ 41. Qf4 Ke7 42. Qxh6 gxh6 43. Kf4 Kf6 44. c4 Bc6 45. Bd5 Bd7 46. Be4 h5 47. c5 h4 48. c6 Bc8 49. Kg4 Ke5 50. Kxh4 Kxe4 51. f6 Be6 52. c7 Kf5 53. f7 1-0

[Event "Mislata op-A 48th"]
[Site "Mislata"]
[Date "2014.08.17"]
[Round "9"]
[White "Fernandez Ayuso, Sergio Javier"]
[Black "Sanchez Barbado, Carlos"]
[Result "1/2-1/2"]
[WhiteElo "2084"]
[BlackElo "2249"]
[PlyCount "110"]
[EventDate "2014.08.11"]
[EventType "swiss"]
[EventRounds "9"]
[EventCountry "ESP"]
[SourceTitle "CBM 161 Extra"]
[Source "ChessBase"]
[SourceDate "2014.08.29"]
[SourceVersion "1"]
[SourceVersionDate "2014.08.29"]
[SourceQuality "1"]

1. d4 f5 2. Nf3 e6 3. c4 Nf6 4. Nc3 Bb4 5. Bg5 Bxc3+ 6. bxc3 0-0 7. g3 d6 8. Bg2 h6 9. Bc1 Bd7 10. 0-0 Bc6 11. Ba3 Nbd7 12. d5 exd5 13. Nd4 Qe8 14. Nxc6 bxc6 15. cxd5 Nxd5 16. Bxd5+ cxd5 17. Qxd5+ Qf7 18. Qxf7+ Kxf7 19. Rfb1 Nb6 20. Bc1 Rfb8 21. Rb3 Nc4 22. Rab1 Rb6 23. f3 Rab8 24. Kf2 g5 25. Be3 c5 26. g4 fxg4 27. Rxb6 Rxb6 28. Rxb6 Nxb6 29. fxg4 Nc4 30. Bc1 Ne5 31. h3 Ke6 32. Kg3 Ng6 33. e4 Ke5 34. Kf3 Nh4+ 35. Ke3 c4 36. Bd2 a5 37. a3 Ng6 38. Be1 Ke6 39. Bg3 Ne5 40. Kd4 Nf3+ 41. Kxc4 Nd2+ 42. Kb5 Nxe4 43. Be1 Nc5 44. Bf2 Ne4 45. Bd4 Kd5 46. Bg7 Nf2 47. c4+ Ke6 48. Kxa5 Kd7 49. Bxh6 Nxh3 50. Kb5 Kc7 51. a4 Nf2 52. Bxg5 Nxg4 53. Bf4 Nf6 54. c5 Ne4 55. cxd6+ Nxd6+ 1/2-1/2

[Event "Mislata op-A 48th"]
[Site "Mislata"]
[Date "2014.08.16"]
[Round "8"]
[White "Fernandez Ayuso, Sergio Javier"]
[Black "Perez Manas, Benjamin"]
[Result "0-1"]
[WhiteElo "2084"]
[BlackElo "2290"]
[PlyCount "114"]
[EventDate "2014.08.11"]
[EventType "swiss"]
[EventRounds "9"]
[EventCountry "ESP"]
[SourceTitle "CBM 161 Extra"]
[Source "ChessBase"]
[SourceDate "2014.08.29"]
[SourceVersion "1"]
[SourceVersionDate "2014.08.29"]
[SourceQuality "1"]

1. d4 d5 2. Nf3 Nc6 3. Bf4 Bg4 4. e3 e6 5. h3 Bxf3 6. Qxf3 Bd6 7. Bb5 Nge7 8. c3 0-0 9. 0-0 e5 10. dxe5 Nxe5 11. Bxe5 Bxe5 12. Nd2 Qd6 13. Rfd1 Qb6 14. Bd3 g6 15. Rab1 Rad8 16. e4 d4 17. Nc4 Qe6 18. Nxe5 Qxe5 19. cxd4 Rxd4 20. Bc2 Nc6 21. Qe3 Rfd8 22. Rxd4 Rxd4 23. Qc3 Qd6 24. Rf1 Qb4 25. Rd1 Rxd1+ 26. Bxd1 Qxe4 27. Bf3 Qb1+ 28. Kh2 Qxa2 29. Bxc6 bxc6 30. Qf6 Qd5 31. g3 h5 32. Qc3 a5 33. h4 a4 34. Kg1 c5 35. Kf1 Qd4 36. Qc2 a3 37. bxa3 Qa1+ 38. Ke2 Qxa3 39. Qd2 Qa6+ 40. Kf3 Qc6+ 41. Ke3 Qe6+ 42. Kf3 c6 43. Qd8+ Kg7 44. Qb6 Qg4+ 45. Ke3 Qd4+ 46. Kf3 Qd3+ 47. Kf4 Qd6+ 48. Ke3 c4 49. Qb2+ Qf6 50. Qa3 Qe5+ 51. Kd2 Qd4+ 52. Ke2 Qd3+ 53. Qxd3 cxd3+ 54. Kxd3 Kf6 55. Kd4 Ke6 56. f3 Kd6 57. g4 f5 0-1

[Event "Mislata op-A 48th"]
[Site "Mislata"]
[Date "2014.08.14"]
[Round "5"]
[White "Diaz Velandia, Jose Manuel"]
[Black "Fernandez Ayuso, Sergio Javier"]
[Result "1-0"]
[WhiteElo "2311"]
[BlackElo "2084"]
[PlyCount "105"]
[EventDate "2014.08.11"]
[EventType "swiss"]
[EventRounds "9"]
[EventCountry "ESP"]
[SourceTitle "CBM 161 Extra"]
[Source "ChessBase"]
[SourceDate "2014.08.29"]
[SourceVersion "1"]
[SourceVersionDate "2014.08.29"]
[SourceQuality "1"]

1. d4 d5 2. Nf3 Nf6 3. e3 e6 4. Bd3 c5 5. c3 Nc6 6. Nbd2 Bd6 7. 0-0 0-0 8. dxc5 Bxc5 9. e4 Qc7 10. Qe2 dxe4 11. Nxe4 Nxe4 12. Qxe4 f5 13. Qc4 Bd6 14. Re1 Kh8 15. Qh4 Qf7 16. Bf4 Be7 17. Qg3 Qh5 18. Be2 Qg4 19. Rad1 Qxg3 20. hxg3 Bf6 21. Bb5 Kg8 22. Rd6 Nd8 23. Bc4 Re8 24. a4 h6 25. Bb5 Rf8 26. Rd2 a6 27. Bc4 Re8 28. Bc7 Nc6 29. Nh4 Bxh4 30. gxh4 Kf7 31. b4 a5 32. b5 Nb8 33. Rd6 g6 34. f4 Re7 35. Bb6 Re8 36. Bb3 Ke7 37. Bc7 Kf7 38. Kf2 h5 39. Bd8 Bd7 40. Bg5 Bc8 41. Red1 b6 42. Rxb6 Nd7 43. Rb7 Re7 44. Bxe7 Kxe7 45. Rc7 Rb8 46. c4 Kd8 47. Ra7 Ke8 48. Rdxd7 Bxd7 49. Rxa5 e5 50. fxe5 Be6 51. Ra6 Ke7 52. Ra7+ Ke8 53. Rh7 1-0

[Event "Mislata op-A"]
[Site "Mislata"]
[Date "2010.08.17"]
[Round "3"]
[White "Aranda Flores, Jordi"]
[Black "Fernandez Ayuso, Sergio Javier"]
[Result "1-0"]
[WhiteElo "2140"]
[BlackElo "1968"]
[PlyCount "107"]
[EventDate "2010.08.16"]
[EventType "swiss"]
[EventRounds "9"]
[EventCountry "ESP"]
[SourceTitle "CBM 138 Extra"]
[Source "ChessBase"]
[SourceDate "2010.10.29"]
[SourceVersion "1"]
[SourceVersionDate "2010.10.29"]
[SourceQuality "1"]

1. d4 d5 2. c4 c6 3. Nf3 Nf6 4. Nc3 e6 5. Bg5 Be7 6. e3 Nbd7 7. Rc1 0-0 8. a3 a5 9. Bd3 h6 10. Bh4 b6 11. 0-0 Ba6 12. Qe2 Ne8 13. Bg3 Bd6 14. e4 Bxg3 15. hxg3 dxe4 16. Qxe4 Nef6 17. Qxc6 Rc8 18. Qa4 e5 19. Qd1 exd4 20. Nb5 Bxb5 21. cxb5 Rxc1 22. Qxc1 Nc5 23. Rd1 Nxd3 24. Rxd3 Re8 25. Rxd4 Qb8 26. Qd2 Qc7 27. Qc3 Qb8 28. Qd3 Rc8 29. Rc4 Rxc4 30. Qxc4 Qd6 31. Qd4 Qxd4 32. Nxd4 g6 33. f3 Kf8 34. Nc6 Nd5 35. Kf2 f6 36. Ke2 Nc7 37. Nd4 Ke7 38. Kd3 Kd6 39. Kc4 Nd5 40. Nc2 h5 41. Kd4 Nc7 42. a4 Ne6+ 43. Kc4 Nc5 44. b3 Ke5 45. Nd4 g5 46. Nc6+ Kf5 47. Nxa5 Nd7 48. Nc6 h4 49. Nd4+ Ke5 50. gxh4 gxh4 51. b4 Kf4 52. a5 bxa5 53. bxa5 Ne5+ 54. Kd5 1-0

[Event "Mislata op-A"]
[Site "Mislata"]
[Date "2010.08.17"]
[Round "2"]
[White "Fernandez Ayuso, Sergio Javier"]
[Black "Pena Riasco, Alexander"]
[Result "0-1"]
[WhiteElo "1968"]
[BlackElo "2255"]
[PlyCount "62"]
[EventDate "2010.08.16"]
[EventType "swiss"]
[EventRounds "9"]
[EventCountry "ESP"]
[SourceTitle "CBM 138 Extra"]
[Source "ChessBase"]
[SourceDate "2010.10.29"]
[SourceVersion "1"]
[SourceVersionDate "2010.10.29"]
[SourceQuality "1"]

1. e4 c5 2. Nf3 d6 3. d4 cxd4 4. Nxd4 Nf6 5. Nc3 a6 6. Be2 e5 7. Nb3 Be7 8. 0-0 0-0 9. Qd3 Nbd7 10. Be3 b5 11. a4 b4 12. Nd5 Nxd5 13. Qxd5 Rb8 14. f3 Nf6 15. Qd2 d5 16. exd5 Nxd5 17. Bf2 Bg5 18. Qd3 Nf4 19. Qc4 Qf6 20. Nc5 a5 21. Rfe1 Bf5 22. Bf1 Rbc8 23. c3 Ne6 24. Qd5 Nxc5 25. Bxc5 Rfd8 26. Qxe5 Qxe5 27. Rxe5 Rxc5 28. Rxc5 Be3+ 29. Kh1 Bxc5 30. cxb4 Bxb4 31. Bc4 Bc2 0-1